| 000 | 00974nam a2200301Ia 4500 | ||
|---|---|---|---|
| 003 | OSt | ||
| 005 | 20221007123135.0 | ||
| 006 | a|||||r|||| 00| 0 | ||
| 007 | ta | ||
| 008 | 221006b |||||||| |||| 00| 0 eng d | ||
| 020 | _a9789811201028 (hbk) | ||
| 024 | _a201013 | ||
| 037 |
_b507, 22/01/2020, A.J. Books _cTextual |
||
| 040 |
_aPAPL _cPAPL _beng |
||
| 041 |
_2eng _aeng |
||
| 082 | _aC21:(D), R0 Carpa | ||
| 100 |
_aZhang Ye Ed. _9716636 |
||
| 245 | 0 |
_aSoft nanomaterials _b Xu Bing Ed. |
|
| 260 |
_aSingapore _bWorld Scientific _c2020 |
||
| 300 |
_ax, 206p. ill. _ccm. |
||
| 490 |
_vVol.19 _aWorld scientific series in nanoscience and nanotechnology |
||
| 500 | _aIndex 201-206p. | ||
| 650 |
_a Bioactive supramolecular assembly _9716637 |
||
| 650 | _aPhysics | ||
| 700 |
_a Xu Bing Ed. _9716638 |
||
| 942 |
_hC21:(D), R0 Carpa _cTEXL _2CC |
||
| 999 |
_c1211433 _d1211433 |
||